=LDR 00000nam 2200000 4500 =001 INLIS000000000013826 =005 20130612105146 =008 ***********************************Ind** =035 ##$$0010-061300000013826 =041 ##$$a Ind =082 ##$$a 668.13 =090 ##$$a 668.13, Per m =100 ##$$a Permono, Ajar =245 ##$$a Membuat cairan pelembut pakaian, Ajar Permono =260 ##$$a 2002 $b Jakarta =300 ##$$a 50 hlm, 21 cm =650 ##$$a Pelembut ( Cairan ) =850 ##$$a NBPNMAT